000 00727nam a2200205Ia 4500
003 GCL
008 140319s9999 xx 000 0 ara d
040 _aGCL /
_cGCL
082 0 4 _aط
_b001.6425
_bع ا
100 1 _aعبداللطيف ابوالسعود
245 1 0 _aصخرMSX: برامج بالانجليزية للمبتدئين /
_cعبداللطيف ابوالسعود
260 _a[S.N] :
_bدار الراتب الجامعية
300 _a91 ص
490 _aاعداد برامج الكمبيوتر بالانجليزية
_v0
650 0 4 _aالاطفال
650 0 4 _aالحاسبات الالكترونية
650 0 4 _aادارة الازمات
650 0 4 _aادارة البرامج
942 _2ddc
_cBK
999 _c57686
_d57686